MALARIA (Record no. 7953)

MARC details
000 -LEADER
fixed length control field 00406nam a22001697a 4500
005 - DATE AND TIME OF LATEST TRANSACTION
control field 20230117110857.0
008 - FIXED-LENGTH DATA ELEMENTS--GENERAL INFORMATION
fixed length control field 220215b ||||| |||| 00| 0 eng d
020 ## - INTERNATIONAL STANDARD BOOK NUMBER
ISBN 80176488348
041 ## - LANGUAGE CODE
Language code of text/sound track or separate title eng
082 ## - DEWEY DECIMAL CLASSIFICATION NUMBER
Classification number 616.9
Item number SIN-M
100 ## - MAIN ENTRY--AUTHOR NAME
Personal name SINHA,DR. A.K
245 ## - TITLE STATEMENT
Title MALARIA
260 ## - PUBLICATION, DISTRIBUTION, ETC. (IMPRINT)
Place of publication NEW DELHI
Name of publisher A.P.H PUBLICATION
Year of publication 2005
300 ## - PHYSICAL DESCRIPTION
Number of Pages 285;P.
650 ## - SUBJECT ADDED ENTRY--TOPICAL TERM
Topical Term PHARMACY
General subdivision B.PHARMA
942 ## - ADDED ENTRY ELEMENTS (KOHA)
Koha item type Books
Holdings
Lost status Damaged status Collection code Home library Current library Shelving location Date acquired Source of acquisition Cost, normal purchase price Full call number Accession Number Koha item type
    Reference JRU Library JRU Library SHELF-5-E 15/02/2022 PURCHASE 695.00 616.9 26512 Books
    PHARMACY JRU Library JRU Library SHELF - 10 - E 15/02/2022 PURCHASE 695.00 616.9 26513 Books